| 000 | 00357nam a2200145Ia 4500 | ||
|---|---|---|---|
| 008 | 210716s2009 xx 000 0 und d | ||
| 020 | _a9788174467164 | ||
| 041 | _aeng | ||
| 082 | _a515.2 SAHA | ||
| 100 | _aSah, Ash Narayan. | ||
| 245 | _aData analysis using microsoft excel. | ||
| 250 | _a1 | ||
| 260 |
_aNew Delhi _bExcel Books _c2009 |
||
| 300 | _a198 | ||
| 999 |
_c189926 _d189926 |
||